Политика ТПУ в области качества образовательных услуг и подготовки специалистов; Проблемы и практика инженерного образования. Высшее техническое образование: Качество и интернационализация

Dades bibliogràfiques
Parent link:Проблемы и практика инженерного образования. Высшее техническое образование: Качество и интернационализация.— 2000.— С. 4
Autor principal: Похолков Ю. П. Юрий Петрович
Altres autors: Чучалин А. И. Александр Иванович
Idioma:rus
Publicat: 2000
Matèries:
Format: MixedMaterials Capítol de llibre
KOHA link:https://koha.lib.tpu.ru/cgi-bin/koha/opac-detail.pl?biblionumber=74048

MARC

LEADER 00000naa2a2200000 4500
001 74048
005 20240914063137.0
035 |a (RuTPU)RU\TPU\book\78981 
090 |a 74048 
100 |a 20050228d2000 k y0rusy50 ca 
101 0 |a rus 
102 |a RU 
200 1 |a Политика ТПУ в области качества образовательных услуг и подготовки специалистов  |f Ю. П. Похолков, А. И. Чучалин 
463 1 |0 (RuTPU)RU\TPU\book\14603  |t Проблемы и практика инженерного образования. Высшее техническое образование: Качество и интернационализация  |o труды IV Международной научно-практической конференции, 14-17 марта 2000 г., г. Томск  |f Томский политехнический университет  |v С. 4  |d 2000  |p 190 с. 
610 1 |a образование 
610 1 |a образовательные услуги 
610 1 |a Томский политехнический университет 
610 1 |a труды учёных ТПУ 
610 1 |a качество 
700 1 |a Похолков  |b Ю. П.  |c специалист в области электротехники, доктор технических наук  |c ректор Томского политехнического университета (1990-2008), профессор  |f 1939-  |g Юрий Петрович  |x TPU  |y Томск  |3 (RuTPU)RU\TPU\pers\10508  |9 2235 
701 1 |a Чучалин  |b А. И.  |c профессор Томского политехнического университета, доктор технических наук  |c проректор по образовательной и международной деятельности  |f 1952-  |g Александр Иванович  |3 (RuTPU)RU\TPU\pers\22021  |4 070  |9 9318 
801 1 |a RU  |b 63413507  |c 20050228  |g PSBO 
801 2 |a RU  |b 63413507  |c 20130918  |g PSBO 
942 |c BK